=LDR 00000nam 2200000 4500 =001 INLIS000000000003121 =005 20130612091431 =008 ***********************************Ind** =035 ##$$0010-061300000003121 =041 ##$$a Ind =082 ##$$a 647.94 =090 ##$$a 647.94, Tar p =100 ##$$a Tarmuzi, Trisno =245 ##$$a Profesional hotel front linear ( hotel front office ) / Trisno Tarmuzi. -- =260 ##$$a 2000 $b Jakarta : Kesaint Blanc =300 ##$$a vi, 124 hlm. : ilus. ; 21 cm =650 ##$$a Hotel, Losmen dsb =850 ##$$a NBPNMAT